| 000 -ლიდერი |
| ფიქსირებული სიგრძის საკონტროლო ველი |
01139nam a22002177a 4500 |
| 003 - საკონტროლო ნომრის იდენტიფიკატორი |
| საკონტროლო ველი |
Ge_BSU |
| 005 - ბოლო ოპერაციის თარიღი და დრო |
| საკონტროლო ველი |
20230519120158.0 |
| 008 - ფიქსირებული სიგრძის მონაცემთა ელემენტები - ზოგადი ინფორმაცია |
| ფიქსირებული სიგრძის საკონტროლო ველი |
230519s2015 ge ||||| |||| 00| 0 geo d |
| 041 ## - ენის კოდი |
| Language code of text/sound track or separate title |
geo |
| 080 ## - უნივერსალური ათობითი კლასიფიკაციის ინდექსი |
| Universal Decimal Classification number |
336.761 ფ-53 |
| 100 ## - მთავარი ჩანაწერი - პიროვნების სახელი |
| Personal name |
ფილიპაშვილი, გურამ |
| 9 (RLIN) |
18137 |
| 245 ## - ცნობა სათაურის შესახებ |
| Title |
ბანკნოტები და ფასიანი ქაღალდები საქართველოში / |
| Statement of responsibility, etc |
გურამ ფილიპაშვილი; რედ. გოჩა გერაძე; |
| 264 ## - წარმოების, გამოცემის, დისტრიბუციის და სხვა ცნობები |
| გამოცემის, წარმოების, დისტრიბუციის... ადგილი |
ქუთაისი, |
| გამოცემის, წარმოების, დისტრიბუციის... თარიღი |
2015. |
| 300 ## - ფიზიკური აღწერა |
| Extent |
229 გვ. ; |
| Other physical details |
30 სმ. |
| 500 ## - ზოგადი შენიშვნა |
| General note |
ეძღვნება საქართველოს ლარის გამოშვების 20 წლისთავს |
| 501 ## - შენიშვნა თანმხლებ მასალაზე |
| With note |
პარალ სათ. ინგლ. და რუს. ენ. |
| 653 ## - INDEX TERM--UNCONTROLLED |
| Uncontrolled term |
ბანკნოტები საქართველოში |
| 653 ## - INDEX TERM--UNCONTROLLED |
| Uncontrolled term |
ფასიანი ქაღალდები საქართველოში |
| 700 ## - ADDED ENTRY--PERSONAL NAME |
| Personal name |
გერაძე, გოჩა |
| Relator term |
რედაქტორი |
| 9 (RLIN) |
18138 |
| 942 ## - ADDED ENTRY ELEMENTS (KOHA) |
| Source of classification or shelving scheme |
|
| Koha item type |
წიგნი |